150 let Pražské konzervatoře : Sborník k výročí ústavu /
Uložené v:
| Ďalší autori: | |
|---|---|
| Médium: | Kniha |
| Jazyk: | Czech |
| Vydané: |
Praha :
Státní hudební vydavatelství,
1961.
|
| Vydanie: | 1. vyd. |
| ISBN: |
(viaz.) |
| Fyzický popis: |
317 s. |
| Tagy: |
Pridať tag
Žiadne tagy, Buďte prvý kto otaguje tento záznam!
|
Titul je dostupný aj v ... 

MARC
| LEADER | 00000nam a22000007a 4500 | ||
|---|---|---|---|
| 001 | 000466752 | ||
| 005 | 20150428201450.0 | ||
| 008 | 140930s1961 xr cze d | ||
| 020 | |a (viaz.) |c Kčs 44,50 | ||
| 040 | |a SVKKK |b slo |c SVKKK |e AACR2 | ||
| 041 | 0 | |a cze | |
| 044 | |a xr |c CZ | ||
| 100 | 1 | |a Holzknecht, Václav, |d 1904-1988 |4 edt | |
| 245 | 1 | 0 | |a 150 let Pražské konzervatoře : |b Sborník k výročí ústavu / |c Václav Holzkencht. |
| 250 | |a 1. vyd. | ||
| 260 | |a Praha : |b Státní hudební vydavatelství, |c 1961. | ||
| 300 | |a 317 s. | ||
| 910 | |a svkkk | ||
| 998 | |a BK | ||
| 090 | |g SCKHL |k Sklad Pribinova 1. posch. |a IV.18547 |j 290287 |i 466752-10 |s Absenčne | ||